| 000 | 01425nam a2200373Ia 4500 | ||
|---|---|---|---|
| 001 | ebr10524029 | ||
| 003 | CaPaEBR | ||
| 006 | m u | ||
| 007 | cr cn||||||||| | ||
| 008 | 100903s2011 inua s 000 0 eng d | ||
| 010 | _z 2010037962 | ||
| 020 | _z9780470627013 | ||
| 020 | _z9781118007907 | ||
| 040 |
_aCaPaEBR _cCaPaEBR |
||
| 035 | _a(OCoLC)696604397 | ||
| 050 | 1 | 4 |
_aTK5105.875.I6 _bP96 2011eb |
| 082 | 0 | 4 |
_a004.6/82 _222 |
| 100 | 1 | _aPyles, James. | |
| 245 | 1 | 0 |
_aMCTS _h[electronic resource] : _bMicrosoft sharepoint 2010 configuration study guide : [Exam 70-667] / _cJames Pyles. |
| 246 | 3 | _aMicrosoft sharepoint 2010 configuration study guide (70-667) | |
| 250 | _a1st ed. | ||
| 260 |
_aIndianapolis : _bWiley Technology Pub., _cc2011. |
||
| 300 |
_ali, 616 p. : _bill. |
||
| 490 | 1 | _aSybex serious skills | |
| 533 |
_aElectronic reproduction. _bPalo Alto, Calif. : _cebrary, _d2012. _nAvailable via World Wide Web. _nAccess may be limited to ebrary affiliated libraries. |
||
| 630 | 0 | 0 | _aMicrosoft Office SharePoint server. |
| 630 | 0 | 0 | _aMicrosoft SharePoint (Electronic resource) |
| 650 | 0 | _aIntranets (Computer networks) | |
| 650 | 0 | _aWeb servers. | |
| 655 | 7 |
_aElectronic books. _2local |
|
| 710 | 2 | _aebrary, Inc. | |
| 830 | 0 | _aSerious skills. | |
| 856 | 4 | 0 |
_uhttp://site.ebrary.com/lib/rucke/Doc?id=10524029 _zAn electronic book accessible through the World Wide Web; click to view |
| 999 |
_c239621 _d239621 |
||